| 000 | 00650nam a2200205Ia 4500 | ||
|---|---|---|---|
| 001 | 4880 | ||
| 003 | GE_BSU | ||
| 008 | 181216s||||||||xx |||||||||||||| ||und|| | ||
| 040 | _cGE_BSU | ||
| 245 | _aГеометрические построения на плоскости | ||
| 245 | _bПособие для студ. педагог ин-тов | ||
| 245 | _cАргунов, Ю.И. Балк,М.Б. | ||
| 250 | _aИз. 2-ое | ||
| 260 | _aМосква | ||
| 260 | _bУчпедгиз | ||
| 260 | _c1957 | ||
| 300 | _a265 с. 21 см. | ||
| 653 | _aГеометрические построения на плоскости | ||
| 942 | _cBK | ||
| 999 |
_c38656 _d38656 |
||